000 01859nam a22002657a 4500
003 BD-RjUL
005 20220406124301.0
008 191211s1998 bg ||||| |||| 00| 0dben d
020 _c: Tk. 125.00
035 _a(BD-RjUL)76489
040 _aBD-RjUL
_bben/eng
_cBD-RjUL
_dBD-RjUL
041 _aben
082 _223
_a398.092
_bDRM 1998
245 0 0 _aড. মযহারুল ইসলাম:
_bসপ্ততিতম জন্মজয়ন্তী সংবর্ধনা, ১৯৯৮ /
_cসম্পাদনা পরিষদ: আবদুল খালেক ...[এবং অন্যান্য]
246 _aFelicitations to Dr. Mazharul Islam on his Seventieth Birth Anniversary
260 _aরাজশাহী:
_bফোকলোর গবেষণা সংসদ,
_c১৯৯৮
300 _a[৮], ১৫২ পৃ. :
_bচিত্র ;
_c২৩ সেমি.
505 _a"বইটি একই শিরোনাম ও পরিবর্তিত সূচিপত্রে কম্পিউটার প্রিন্টে আলাদা আলাদা পাতা নম্বরে ফোকলোর গবেষণা সংসদ, রাজশাহী কর্তৃক একই বছরে 29 cm সাইজে প্রকাশিত"
600 _aইসলাম, মযহারুল,
_d১৯২৯ - ২০০৩ খ্রিষ্টাব্দ
_xলোকাচারবিদ
_xজীবনী
_92239
600 _aIslam, Mazharul
_d1929-2003 A. D.
_xFolklorists
_xBiography
_92240
650 _aলোকাচারবিদ
_zবাংলাদেশ
_xজীবনী
_9236320
650 _aFolklorists
_zBangladesh
_xBiography
_9236321
700 _aখালেক, আবদুল ...[এবং অন্যান্য], সম্পাদনা পরিষদ
_92241
942 _2ddc
_cBK
999 _c76489
_d76489